[Event "Cappelle op 33rd"]
[Site "Cappelle la Grande"]
[Date "2017.02.20"]
[Round "4"]
[White "Duverne, Jean Marie"]
[Black "Landuyt, Eric"]
[Result "1-0"]
[WhiteElo "2127"]
[BlackElo "1951"]
[PlyCount "41"]
[EventDate "2017.02.18"]
[EventType "swiss"]
[EventRounds "9"]
[EventCountry "FRA"]
[SourceTitle "CBM 177 Extra"]
[Source "ChessBase"]
[SourceDate "2017.04.27"]
[SourceVersion "1"]
[SourceVersionDate "2017.04.27"]
[SourceQuality "1"]

1. e4 c5 2. Nf3 Nc6 3. c3 e6 4. d4 d5 5. e5 Qb6 6. Bd3 Bd7 7. dxc5 Bxc5 8. 0-0 0-0-0 9. b4 Be7 10. Be3 Qc7 11. a4 Kb8 12. Na3 f6 13. Nb5 Qc8 14. exf6 gxf6 15. Nfd4 Nxd4 16. Bxd4 a6 17. Ba7+ Ka8 18. Bb6 Qc6 19. Bxd8 Bxd8 20. Qg4 f5 21. Qd4 1-0

[Event "Cappelle op 30th"]
[Site "Cappelle la Grande"]
[Date "2014.03.02"]
[Round "2"]
[White "Georgescu, Tiberiu Marian"]
[Black "Duverne, Jean Marie"]
[Result "1-0"]
[WhiteElo "2468"]
[BlackElo "2081"]
[PlyCount "65"]
[EventDate "2014.03.01"]
[EventType "swiss"]
[EventRounds "9"]
[EventCountry "FRA"]
[SourceTitle "CBM 159 Extra"]
[Source "ChessBase"]
[SourceDate "2014.04.24"]
[SourceVersion "1"]
[SourceVersionDate "2014.04.24"]
[SourceQuality "1"]

1. d4 e6 2. c4 Nf6 3. Nf3 Bb4+ 4. Bd2 Bxd2+ 5. Nbxd2 d5 6. g3 0-0 7. Bg2 b6 8. 0-0 Bb7 9. Rc1 Nbd7 10. b4 c6 11. Nb3 Qe7 12. c5 e5 13. b5 Rac8 14. Bh3 cxb5 15. Nxe5 bxc5 16. Nxd7 Nxd7 17. Nxc5 Rxc5 18. dxc5 Nxc5 19. Qd4 Ne4 20. Bg2 Ba8 21. Rc2 a6 22. Rd1 Nf6 23. Bh3 h5 24. Rdc1 Ne4 25. Rc8 Ng5 26. Rxf8+ Qxf8 27. Bf5 Ne6 28. Bxe6 fxe6 29. Rc7 Kh7 30. Qe5 Kh6 31. Qxe6+ g6 32. Qe3+ g5 33. Qb6+ 1-0

[Event "Fouesnant op 15th"]
[Site "Fouesnant"]
[Date "2009.10.30"]
[Round "8"]
[White "Annetti, Laurent"]
[Black "Duverne, Jean Marie"]
[Result "0-1"]
[WhiteElo "1841"]
[BlackElo "2150"]
[PlyCount "132"]
[EventDate "2009.10.26"]
[EventType "swiss"]
[EventRounds "9"]
[EventCountry "FRA"]
[SourceTitle "EXT 2010"]
[Source "ChessBase"]
[SourceDate "2010.11.25"]
[SourceVersion "1"]
[SourceVersionDate "2010.11.25"]
[SourceQuality "1"]

1. d4 Nf6 2. Nf3 g6 3. Nc3 Bg7 4. e4 d6 5. Be3 0-0 6. Qd2 c6 7. Bh6 b5 8. Bd3 Nbd7 9. a4 b4 10. Ne2 a5 11. Bxg7 Kxg7 12. e5 Ng8 13. Ng3 dxe5 14. h4 exd4 15. h5 Nc5 16. hxg6 Nxd3+ 17. cxd3 fxg6 18. 0-0-0 Qd5 19. Rde1 Ra7 20. Kc2 Bf5 21. Re5 Qc4+ 22. Kd1 Bxd3 23. Ng5 Rf6 24. Rxh7+ Kf8 25. Rh8 b3 26. Nh7+ Kg7 27. Rxg8+ Kxg8 28. Nxf6+ exf6 29. Re8+ Kf7 30. Rh8 Qc2+ 31. Qxc2 Bxc2+ 32. Kd2 Kg7 33. Rc8 Rb7 34. Rxc6 Rb4 35. Rc7+ Kh6 36. Ne2 Rxa4 37. Rd7 d3 38. Nc3 Ra2 39. Ra7 Ra1 40. g3 Rf1 41. Ke3 Re1+ 42. Kd2 Re5 43. Rf7 f5 44. f4 Rc5 45. Ra7 Kh5 46. Ra6 Rc8 47. Nd5 a4 48. Nf6+ Kh6 49. Ra7 g5 50. Rxa4 gxf4 51. gxf4 Kg6 52. Nd5 Rh8 53. Nc3 Rh2+ 54. Ke3 Kh5 55. Ra1 Rh3+ 56. Kd2 Kg4 57. Nd5 Rh2+ 58. Ke3 Re2+ 59. Kd4 d2 60. Ne3+ Rxe3 61. Kxe3 d1Q 62. Rxd1 Bxd1 63. Kd2 Bc2 64. Ke3 Kg3 65. Ke2 Kxf4 66. Kf2 Ke4 0-1

[Event "Fouesnant op 15th"]
[Site "Fouesnant"]
[Date "2009.10.25"]
[Round "2"]
[White "Duverne, Jean Marie"]
[Black "Deslias, Gregoire"]
[Result "1-0"]
[WhiteElo "2150"]
[BlackElo "1869"]
[PlyCount "125"]
[EventDate "2009.10.26"]
[EventType "swiss"]
[EventRounds "9"]
[EventCountry "FRA"]
[SourceTitle "EXT 2010"]
[Source "ChessBase"]
[SourceDate "2010.11.25"]
[SourceVersion "1"]
[SourceVersionDate "2010.11.25"]
[SourceQuality "1"]

1. e4 e5 2. Nf3 Nc6 3. d4 exd4 4. Bc4 Nf6 5. 0-0 Bc5 6. e5 d5 7. exf6 dxc4 8. Re1+ Be6 9. Ng5 Qd5 10. Nc3 Qf5 11. Nce4 Bb6 12. Nxe6 fxe6 13. fxg7 Rg8 14. Bh6 Qg6 15. Qg4 Qxh6 16. Nc5 Ne7 17. Rxe6 Rxg7 18. Qe4 Qg5 19. Re5 Qf6 20. Re6 Qg5 21. Re5 Qf6 22. Ne6 Rg6 23. Nf4 Kf7 24. Nxg6 hxg6 25. Re1 Nc6 26. Qd5+ Kg7 27. Qd7+ Kh6 28. Qh3+ Kg7 29. Re6 Qf5 30. g4 Qf4 31. R1e4 Qc1+ 32. Kg2 Rf8 33. Qh4 Bc5 34. Rxg6+ Kxg6 35. Qh5+ Kg7 36. Qxc5 Qh6 37. Qxc4 Qf6 38. Qe2 Rf7 39. f4 Ne7 40. Re6 Qh4 41. f5 Nxf5 42. Qe5+ Kh7 43. gxf5 Qg5+ 44. Qg3 Rxf5 45. Qxg5 Rxg5+ 46. Kf3 Rf5+ 47. Ke4 Rc5 48. Kd3 Kg7 49. Re4 Kf6 50. Rxd4 Rh5 51. h4 Ke6 52. c4 c6 53. b4 a5 54. a3 axb4 55. axb4 b6 56. Ke3 Rh8 57. Kf3 Ke5 58. Rg4 Rh6 59. Ke3 Rh5 60. Rg5+ Rxg5 61. hxg5 b5 62. c5 Kf5 63. Kd4 1-0

[Event "Louviers op 12th"]
[Site "Louviers"]
[Date "2009.06.01"]
[Round "6"]
[White "Duverne, Jean Marie"]
[Black "Arinal, Serge"]
[Result "1-0"]
[WhiteElo "2158"]
[BlackElo "1710"]
[PlyCount "73"]
[EventDate "2009.05.30"]
[EventType "swiss"]
[EventRounds "6"]
[EventCountry "FRA"]
[SourceTitle "EXT 2011"]
[Source "ChessBase"]
[SourceDate "2010.11.26"]
[SourceVersion "1"]
[SourceVersionDate "2010.11.26"]
[SourceQuality "1"]

1. e4 e6 2. d4 d5 3. e5 c5 4. c3 Nc6 5. Nf3 Nge7 6. Bd3 Nf5 7. 0-0 Bd7 8. a3 Qb6 9. Bxf5 exf5 10. dxc5 Bxc5 11. b4 Be7 12. Qxd5 Be6 13. Qd3 Rd8 14. Qe3 Qb5 15. a4 Qd3 16. Na3 0-0 17. Re1 Bxb4 18. Qxd3 Rxd3 19. cxb4 Nxb4 20. Bd2 Rxa3 21. Bxb4 Rxa1 22. Rxa1 Rc8 23. Bd6 h6 24. Nd4 Bd7 25. Nb5 a6 26. Nc7 Bc6 27. a5 g6 28. f4 h5 29. g3 Kh7 30. h4 Be4 31. Kf2 Bc6 32. Rc1 Kg7 33. Rc5 Kg8 34. Ke3 Bd7 35. Nd5 Rxc5 36. Bxc5 Kg7 37. Be7 1-0

[Event "Quincampoix Grand Prix op"]
[Site "Quincampoix"]
[Date "2005.10.31"]
[Round "6"]
[White "Duverne, Jean Marie"]
[Black "Besson, Bastien"]
[Result "0-1"]
[WhiteElo "2039"]
[BlackElo "2201"]
[PlyCount "78"]
[EventDate "2005.10.28"]
[EventType "swiss"]
[EventRounds "7"]
[EventCountry "FRA"]
[SourceTitle "EXT 2008"]
[Source "ChessBase"]
[SourceDate "2007.11.25"]
[SourceVersion "1"]
[SourceVersionDate "2007.11.25"]
[SourceQuality "1"]

1. e4 d6 2. d4 Nf6 3. Nc3 g6 4. Be3 c6 5. Qd2 b5 6. Bd3 Nbd7 7. Nf3 Ng4 8. Bg5 h6 9. Bh4 Qc7 10. h3 Ngf6 11. 0-0-0 b4 12. Ne2 e5 13. dxe5 dxe5 14. Kb1 Be7 15. Nc1 a5 16. Rhe1 Nb6 17. Bg3 Nfd7 18. Bf1 a4 19. Nd3 Nc4 20. Qc1 Ba6 21. b3 Na3+ 22. Ka1 f6 23. Nb2 Nc5 24. Bxa6 Rxa6 25. bxa4 Nxa4 26. Nxa4 Rxa4 27. Nd4 Qa7 28. Nxc6 Qc5 29. Nxe7 Kxe7 30. c4 bxc3 31. Rd5 Qc4 32. Bxe5 Nb5 33. Bxf6+ Kf7 34. Rd7+ Ke6 35. Re7+ Kxf6 36. Qf4+ Kxe7 37. Qe5+ Qe6 38. Qg7+ Kd6 39. Rd1+ Kc6 0-1

[Event "Montigny le Bretonneux op 7th"]
[Site "Montigny le Bretonneux"]
[Date "2003.05.04"]
[Round "8.1"]
[White "Duverne, Jean Marie"]
[Black "Billoire, Clement"]
[Result "1/2-1/2"]
[WhiteElo "2040"]
[BlackElo "1980"]
[PlyCount "39"]
[EventDate "2003.05.??"]
[EventType "swiss"]
[EventRounds "9"]
[EventCountry "FRA"]
[SourceTitle "EXT 2004"]
[Source "ChessBase"]
[SourceDate "2003.11.25"]
[SourceVersion "1"]
[SourceVersionDate "2003.11.25"]
[SourceQuality "1"]

1. e4 c5 2. Nf3 Nc6 3. d4 cxd4 4. Nxd4 Nf6 5. Nc3 e5 6. Ndb5 d6 7. Bg5 a6 8. Na3 b5 9. Nd5 Be7 10. Bxf6 Bxf6 11. c3 Bg5 12. Bd3 Rb8 13. 0-0 0-0 14. Nc2 Be6 15. Nce3 Bxe3 16. Nxe3 Ne7 17. Be2 d5 18. exd5 Nxd5 19. Nxd5 Qxd5 20. Qxd5 1/2-1/2

[Event "Montigny le Bretonneux op 7th"]
[Site "Montigny le Bretonneux"]
[Date "2003.05.03"]
[Round "5.2"]
[White "Aurel, Luc"]
[Black "Duverne, Jean Marie"]
[Result "1-0"]
[WhiteElo "2169"]
[BlackElo "2040"]
[PlyCount "60"]
[EventDate "2003.05.??"]
[EventType "swiss"]
[EventRounds "9"]
[EventCountry "FRA"]
[SourceTitle "EXT 2004"]
[Source "ChessBase"]
[SourceDate "2003.11.25"]
[SourceVersion "1"]
[SourceVersionDate "2003.11.25"]
[SourceQuality "1"]

1. Nf3 Nf6 2. d4 e6 3. e3 d5 4. Bd3 c5 5. b3 Nc6 6. Bb2 cxd4 7. exd4 Bd6 8. a3 0-0 9. Nbd2 Qc7 10. Qe2 h6 11. 0-0 a6 12. Ne5 Bxe5 13. dxe5 Nd7 14. f4 f5 15. exf6 Nxf6 16. g3 Bd7 17. Nf3 b5 18. Kg2 Rae8 19. Rfe1 Re7 20. a4 b4 21. Bxa6 Ne4 22. Ne5 Nxe5 23. Bxe5 Qc5 24. h4 Bc6 25. Bd3 Rf5 26. Rf1 Rf8 27. Kh2 Ref7 28. a5 g5 29. a6 gxh4 30. gxh4 Kh7 1-0

[Event "Montigny le Bretonneux op 7th"]
[Site "Montigny le Bretonneux"]
[Date "2003.05.01"]
[Round "2.4"]
[White "Duverne, Jean Marie"]
[Black "Filain, Georges"]
[Result "1-0"]
[WhiteElo "2040"]
[BlackElo "1710"]
[PlyCount "27"]
[EventDate "2003.05.??"]
[EventType "swiss"]
[EventRounds "9"]
[EventCountry "FRA"]
[SourceTitle "EXT 2004"]
[Source "ChessBase"]
[SourceDate "2003.11.25"]
[SourceVersion "1"]
[SourceVersionDate "2003.11.25"]
[SourceQuality "1"]

1. e4 d5 2. exd5 Qxd5 3. Nc3 Qa5 4. d4 c6 5. Bc4 Nf6 6. Bd2 Bf5 7. Nd5 Qd8 8. Nxf6+ gxf6 9. Ne2 e6 10. Ng3 Qxd4 11. Qe2 Bg6 12. 0-0-0 Qb6 13. Bc3 e5 14. Bxe5 1-0